[Event "Mundial Juvenil 2005 s12"]
[Site "Belfort FRA"]
[Date "2005.07.29"]
[Round "10.3"]
[White "Hou, Yifan"]
[Black "Ter Sahakyan, Samvel"]
[Result "1/2-1/2"]
[WhiteElo "2158"]
[BlackElo "2140"]
[PlyCount "106"]
[EventDate "2005.07.19"]
[EventType "swiss"]
[EventRounds "11"]
[EventCountry "FRA"]
[Source "lmi"]
[SourceDate "2005.07.31"]

1. e4 c5 2. Nf3 e6 3. d4 cxd4 4. Nxd4 Nf6 5. Nc3 Nc6 6. Ndb5 Bc5 7. Nd6+ Ke7 8.
Nxc8+ Rxc8 9. Bd3 Re8 10. O-O Kf8 11. Bf4 d6 12. Qf3 Ne5 13. Qh3 Kg8 14. Rad1
Qe7 15. Kh1 Bb4 16. Nb5 a6 17. a3 Bc5 18. Nc3 Bxa3 19. bxa3 Rxc3 20. Bd2 Rc6
21. Bb4 Qc7 22. f4 Nxd3 23. cxd3 Rc2 24. Qe3 a5 25. Bd2 Qc5 26. Qe1 Qxa3 27.
Bxa5 Qa2 28. Ra1 Qb2 29. Rb1 Qa3 30. Rd1 Ng4 31. Bb4 Qb3 32. Rd2 Rxd2 33. Qxd2
d5 34. h3 Nf6 35. e5 Nd7 36. Rc1 Nb8 37. Bd6 Nc6 38. Ra1 h5 39. Ra2 Qb1+ 40.
Kh2 Nd4 41. Rb2 Qa1 42. Rxb7 h4 43. Qb2 Qxb2 44. Rxb2 Rc8 45. Kg1 Kh7 46. Kf2
Kg6 47. Be7 Nf5 48. Bb4 Rc1 49. Bd2 Ra1 50. Be1 Ra3 51. Ke2 Ng3+ 52. Bxg3 hxg3
53. Rb4 Kf5 1/2-1/2

[Event "Mundial Juvenil 2005 s12"]
[Site "Belfort FRA"]
[Date "2005.07.29"]
[Round "10.4"]
[White "Negi, Parimarjan"]
[Black "Nyzhnyk, Illya"]
[Result "1/2-1/2"]
[WhiteElo "2376"]
[BlackElo "2131"]
[PlyCount "80"]
[EventDate "2005.07.19"]
[EventType "swiss"]
[EventRounds "11"]
[EventCountry "FRA"]
[Source "lmi"]
[SourceDate "2005.07.31"]

1. e4 e6 2. d4 d5 3. Nc3 Nf6 4. e5 Nfd7 5. f4 c5 6. Be3 cxd4 7. Bxd4 Nc6 8. Nf3
Nxd4 9. Nxd4 Bc5 10. Nb3 Bb6 11. Bd3 a6 12. Qf3 Nc5 13. O-O-O Bd7 14. Kb1 Qe7
15. Qg3 g6 16. h4 O-O-O 17. h5 Nxb3 18. axb3 Qc5 19. Qh4 Rhg8 20. Qg5 gxh5 21.
Qxh5 Rxg2 22. Qxf7 Rf8 23. Qxh7 Rxf4 24. Rdf1 Rxf1+ 25. Rxf1 Rg1 26. Qh8+ Kc7
27. Rxg1 Qxg1+ 28. Ka2 Qe3 29. Qg7 Bd4 30. Nxd5+ exd5 31. Bf5 Qxe5 32. Qxd7+
Kb6 33. Be6 Qc7 34. Qxd5 Qc5 35. Qd8+ Ka7 36. c3 Bxc3 37. bxc3 Qf2+ 38. Ka3
Qc5+ 39. Kb2 Qf2+ 40. Ka3 Qc5+ 1/2-1/2

[Event "Mundial Juvenil 2005 s12"]
[Site "Belfort FRA"]
[Date "2005.07.29"]
[Round "10.5"]
[White "Rajesh, V A V."]
[Black "Rzayev, Bahruz"]
[Result "1-0"]
[WhiteElo "2157"]
[BlackElo "1599"]
[PlyCount "83"]
[EventDate "2005.07.19"]
[EventType "swiss"]
[EventRounds "11"]
[EventCountry "FRA"]
[Source "lmi"]
[SourceDate "2005.07.31"]

1. e3 d5 2. g3 e5 3. Bg2 Nf6 4. Ne2 Bd6 5. d4 e4 6. c4 c6 7. Qb3 O-O 8. Nbc3 b6
9. O-O Be6 10. cxd5 cxd5 11. f3 exf3 12. Bxf3 Bc7 13. Bd2 Nc6 14. Nb5 Rc8 15.
Nxc7 Rxc7 16. Nf4 Qd7 17. Rac1 Rfc8 18. Bc3 Na5 19. Qd1 Nc4 20. Qe2 Nd6 21.
Nxe6 Qxe6 22. Qd3 Nfe4 23. Bg2 Re7 24. Bb4 Rce8 25. Rc6 Qd7 26. Qc2 Nc4 27.
Rxc4 dxc4 28. Bxe7 Qxe7 29. Bxe4 Qxe4 30. Qxe4 Rxe4 31. Kf2 Re7 32. Rc1 Rc7 33.
e4 Kf8 34. Ke3 Ke7 35. d5 Kd8 36. Kd4 b5 37. e5 a6 38. d6 Rc6 39. Kd5 Kd7 40.
Rf1 Rc8 41. Rxf7+ Ke8 42. d7+ 1-0

[Event "Mundial Juvenil 2005 s12"]
[Site "Belfort FRA"]
[Date "2005.07.29"]
[Round "10.6"]
[White "Iermito, Sebastian"]
[Black "Ospanov, Nazar"]
[Result "1-0"]
[WhiteElo "2134"]
[BlackElo "1599"]
[PlyCount "61"]
[EventDate "2005.07.19"]
[EventType "swiss"]
[EventRounds "11"]
[EventCountry "FRA"]
[Source "lmi"]
[SourceDate "2005.07.31"]

1. d4 d5 2. c4 c6 3. Nc3 Nf6 4. Nf3 e6 5. cxd5 exd5 6. Bg5 Bb4 7. Qc2 O-O 8. e3
h6 9. Bh4 b6 10. Bd3 Re8 11. O-O Ba6 12. Bxa6 Nxa6 13. Ne5 Qc8 14. Bxf6 gxf6
15. Nd3 Bd6 16. Ne2 c5 17. dxc5 bxc5 18. a3 Qf5 19. Qd2 Rab8 20. Rad1 Red8 21.
Ng3 Qg6 22. Nf4 Bxf4 23. exf4 Rb5 24. Qe2 c4 25. f5 Qg5 26. Rd4 Kh8 27. Rg4
Rxb2 28. Qxb2 Qxg4 29. Qxf6+ Kh7 30. Qxd8 Nc5 31. Qxd5 1-0

[Event "Mundial Juvenil 2005 s12"]
[Site "Belfort FRA"]
[Date "2005.07.29"]
[Round "10.7"]
[White "So, Wesley"]
[Black "Swiercz, Dariusz"]
[Result "1-0"]
[WhiteElo "2165"]
[BlackElo "2138"]
[PlyCount "99"]
[EventDate "2005.07.19"]
[EventType "swiss"]
[EventRounds "11"]
[EventCountry "FRA"]
[Source "lmi"]
[SourceDate "2005.07.31"]

1. e4 c5 2. Nf3 Nc6 3. d4 cxd4 4. Nxd4 Qc7 5. Nc3 e6 6. f4 a6 7. Nxc6 bxc6 8.
Bd3 d5 9. O-O Nf6 10. e5 Nd7 11. Na4 c5 12. c4 d4 13. Be4 Bb7 14. Qf3 Rb8 15.
Bd2 Be7 16. Rae1 Bxe4 17. Qxe4 Qb7 18. Qc2 g6 19. b3 O-O 20. Rf3 Ra8 21. Rh3
Qc6 22. Nb2 a5 23. Qd3 Nb6 24. Rh6 Kg7 25. Qh3 Rh8 26. g4 Nd7 27. f5 a4 28. f6+
Nxf6 29. exf6+ Bxf6 30. g5 Be7 31. Nxa4 Qc7 32. Qf3 Rhf8 33. Qh3 Rh8 34. Rh4 e5
35. Rhe4 Bd6 36. Rf1 h5 37. gxh6+ Kh7 38. Rf6 Rhf8 39. Qf3 Ra7 40. h4 Rg8 41.
Bg5 Qb7 42. Kg2 Qc7 43. Re1 Rb8 44. Rf1 Rbb7 45. Qd5 e4 46. Qxd6 Qc8 47. R1f4
Rxa4 48. Rxf7+ Rxf7 49. Rxf7+ Kg8 50. Qxg6+ 1-0

[Event "Mundial Juvenil 2005 s12"]
[Site "Belfort FRA"]
[Date "2005.07.29"]
[Round "10.8"]
[White "Shahin, Koohestani M.abad"]
[Black "Strzemiecki, Zbigniew"]
[Result "0-1"]
[WhiteElo "2012"]
[BlackElo "2195"]
[PlyCount "104"]
[EventDate "2005.07.19"]
[EventType "swiss"]
[EventRounds "11"]
[EventCountry "FRA"]
[Source "lmi"]
[SourceDate "2005.07.31"]

1. d4 e6 2. Nf3 f5 3. c4 Nf6 4. Nc3 Bb4 5. Bg5 h6 6. Bxf6 Qxf6 7. e3 b6 8. Ne5
O-O 9. Qf3 c6 10. Be2 Bb7 11. O-O d6 12. Nd3 Bxc3 13. bxc3 Nd7 14. Qg3 e5 15.
Rad1 Rad8 16. Rb1 Ba8 17. f4 e4 18. Nf2 c5 19. Kh1 cxd4 20. cxd4 d5 21. Qh3 Rc8
22. Rbc1 Qf7 23. g4 dxc4 24. gxf5 Nf6 25. Rg1 Kh8 26. Rg3 c3 27. Rc2 Bd5 28.
Ng4 Nxg4 29. Bxg4 Rc7 30. Bd1 Qxf5 31. Qh4 Qf6 32. Qh5 Bf7 33. Qb5 Rfc8 34. Qb4
a5 35. Qa3 Qe7 36. Qc1 b5 37. Bg4 Be6 38. f5 Bd7 39. Bd1 b4 40. Rf2 c2 41. Bxc2
Ba4 42. f6 gxf6 43. Rg6 Rxc2 44. Qg1 Rxf2 45. Qxf2 Rc1+ 46. Rg1 Rxg1+ 47. Qxg1
Kh7 48. Qg4 Bd7 49. Qf4 a4 50. Qb8 Be8 51. Qa8 Bh5 52. Kg1 Bf3 0-1

[Event "Mundial Juvenil 2005 s12"]
[Site "Belfort FRA"]
[Date "2005.07.29"]
[Round "10.9"]
[White "Sochacki, Christophe"]
[Black "Arribas Lopez, Angel"]
[Result "0-1"]
[WhiteElo "1599"]
[BlackElo "2140"]
[PlyCount "106"]
[EventDate "2005.07.19"]
[EventType "swiss"]
[EventRounds "11"]
[EventCountry "FRA"]
[Source "lmi"]
[SourceDate "2005.07.31"]

1. e4 c5 2. Nf3 d6 3. d4 cxd4 4. Qxd4 Nf6 5. e5 Nc6 6. Bb5 Qa5+ 7. Nc3 Nd7 8.
Bxc6 bxc6 9. exd6 exd6 10. O-O Nf6 11. Bg5 Be6 12. Bxf6 gxf6 13. Qxf6 Rg8 14.
Nd4 Bg7 15. Nxc6 Qc7 16. Qf3 Rc8 17. Nb4 Bxc3 18. bxc3 Qxc3 19. Qxc3 Rxc3 20.
Rfe1 Kd7 21. Re2 Rgc8 22. f4 R3c4 23. f5 Bxf5 24. Nd5 Be6 25. Ne3 Ra4 26. Kf2
Rxa2 27. Rxa2 Bxa2 28. Ng4 Be6 29. Nf6+ Ke7 30. Nxh7 f6 31. Re4 Rh8 32. Ra4
Rxh7 33. Rxa7+ Bd7 34. h3 Rh5 35. Ke3 Ke6 36. Kf3 Bc6+ 37. Kg4 Rg5+ 38. Kh4
Rxg2 39. c4 Rc2 40. Kh5 Rxc4 41. Ra3 Re4 42. h4 Be8+ 43. Kh6 Rxh4+ 44. Kg7 Re4
45. Kf8 Bh5 46. Rg3 d5 47. Rg7 Kd6 48. Rg3 Ke5 49. Rh3 Bg4 50. Rh1 d4 51. Kg7
d3 52. Ra1 d2 53. Ra5+ Kf4 0-1

[Event "Mundial Juvenil 2005 s12"]
[Site "Belfort FRA"]
[Date "2005.07.29"]
[Round "10.10"]
[White "Atabayev, Yusup"]
[Black "Javakhadze, Zurab"]
[Result "0-1"]
[WhiteElo "1599"]
[BlackElo "2135"]
[PlyCount "76"]
[EventDate "2005.07.19"]
[EventType "swiss"]
[EventRounds "11"]
[EventCountry "FRA"]
[Source "lmi"]
[SourceDate "2005.07.31"]

1. e4 c5 2. c4 Nc6 3. Ne2 e5 4. g3 g6 5. Bg2 Bg7 6. O-O Nge7 7. d3 O-O 8. Nbc3
d6 9. Be3 f5 10. f4 a6 11. Nd5 exf4 12. Bxf4 Bxb2 13. Rb1 Be5 14. Bh6 Bg7 15.
Bxg7 Kxg7 16. d4 fxe4 17. Bxe4 Nxd5 18. Bxd5 Qe7 19. dxc5 dxc5 20. Qd2 Rxf1+
21. Rxf1 Be6 22. Qb2+ Kg8 23. Nf4 Bxd5 24. Nxd5 Qg7 25. Qxg7+ Kxg7 26. Rb1 Rb8
27. Nc7 Kf6 28. Rb6 Ke5 29. Nxa6 bxa6 30. Rxc6 Kd4 31. Rxa6 Kxc4 32. h4 Rb7 33.
Kf2 Kd3 34. Rd6+ Kc3 35. Ke3 c4 36. Re6 Kb2 37. Rc6 c3 38. a4 c2 0-1

[Event "Mundial Juvenil 2005 s12"]
[Site "Belfort FRA"]
[Date "2005.07.29"]
[Round "10.11"]
[White "Popilski, Gil"]
[Black "Pavlidis, Antonios"]
[Result "1-0"]
[WhiteElo "2120"]
[BlackElo "1989"]
[PlyCount "81"]
[EventDate "2005.07.19"]
[EventType "swiss"]
[EventRounds "11"]
[EventCountry "FRA"]
[Source "lmi"]
[SourceDate "2005.07.31"]

1. e4 c5 2. Nf3 e6 3. d4 cxd4 4. Nxd4 Nf6 5. Nc3 Bb4 6. Bd3 e5 7. Nf5 O-O 8.
Bg5 d5 9. Ng3 d4 10. a3 Be7 11. Nce2 h6 12. Bd2 Nc6 13. O-O Qb6 14. Qc1 Be6 15.
h3 Rac8 16. f4 exf4 17. Nxf4 Ne5 18. Qe1 Qxb2 19. Rb1 Qxa3 20. Rxb7 Rb8 21.
Rxb8 Rxb8 22. Nfh5 Kh8 23. Nxg7 Rg8 24. Nxe6 fxe6 25. Qe2 Qd6 26. Nh5 Rg6 27.
Bf4 Kh7 28. Bh2 Qc5 29. Nf4 Rg8 30. Nxe6 Qd6 31. Nf4 Qd7 32. Kh1 Rg5 33. Nd5
Qe6 34. Bf4 Rg7 35. Bxe5 Qxe5 36. Nxf6+ Bxf6 37. Rxf6 Rg3 38. Rf7+ Kh8 39. Rxa7
Qf4 40. Ra8+ Kg7 41. Ra1 1-0

[Event "Mundial Juvenil 2005 s12"]
[Site "Belfort FRA"]
[Date "2005.07.29"]
[Round "10.12"]
[White "Zhao, Parker"]
[Black "Meskovs, Nikita"]
[Result "1-0"]
[WhiteElo "2029"]
[BlackElo "1599"]
[PlyCount "55"]
[EventDate "2005.07.19"]
[EventType "swiss"]
[EventRounds "11"]
[EventCountry "FRA"]
[Source "lmi"]
[SourceDate "2005.07.31"]

1. e4 c5 2. Nf3 e6 3. Qe2 Nc6 4. g3 g6 5. Bg2 Bg7 6. O-O Nge7 7. c3 O-O 8. e5
Nd5 9. d3 b6 10. Na3 Ba6 11. Nc4 Bxc4 12. dxc4 Nde7 13. Bf4 Rc8 14. h4 f6 15.
exf6 Bxf6 16. Rad1 Nf5 17. Ng5 Bxg5 18. Bxg5 Qe8 19. g4 Ng7 20. Rd3 Rf7 21.
Rfd1 h5 22. gxh5 Nxh5 23. Qe4 Rh7 24. Bh3 Nb8 25. Rd6 Rc6 26. Bxe6+ Qxe6 27.
Rxe6 Rxe6 28. Qb7 1-0

[Event "Mundial Juvenil 2005 s12"]
[Site "Belfort FRA"]
[Date "2005.07.29"]
[Round "10.14"]
[White "Mohammad, Saeed Ishaq"]
[Black "Jiang, Mike"]
[Result "1-0"]
[WhiteElo "2120"]
[BlackElo "1806"]
[PlyCount "27"]
[EventDate "2005.07.19"]
[EventType "swiss"]
[EventRounds "11"]
[EventCountry "FRA"]
[Source "lmi"]
[SourceDate "2005.07.31"]

1. d4 Nf6 2. Nf3 g6 3. Bg5 Bg7 4. Nbd2 O-O 5. e4 d6 6. Bd3 Nbd7 7. O-O c5 8. c3
a6 9. Qe2 Re8 10. e5 dxe5 11. dxe5 Nd5 12. e6 Ne5 13. Nxe5 Bxe5 14. exf7+ 1-0

[Event "Mundial Juvenil 2005 s12"]
[Site "Belfort FRA"]
[Date "2005.07.29"]
[Round "10.15"]
[White "Corlatescu, Dragos"]
[Black "Petenyi, Tamas"]
[Result "1/2-1/2"]
[WhiteElo "1928"]
[BlackElo "2056"]
[PlyCount "63"]
[EventDate "2005.07.19"]
[EventType "swiss"]
[EventRounds "11"]
[EventCountry "FRA"]
[Source "lmi"]
[SourceDate "2005.07.31"]

1. e4 c5 2. Nf3 d6 3. d3 g6 4. Nbd2 Bg7 5. g3 Nc6 6. Bg2 e6 7. O-O Nge7 8. Re1
O-O 9. Nf1 Rb8 10. Rb1 b5 11. Bf4 Bb7 12. h4 Nd4 13. N1h2 Nec6 14. Qd2 Nxf3+
15. Nxf3 e5 16. Bh6 Qa5 17. Bxg7 Qxd2 18. Nxd2 Kxg7 19. c3 Rfd8 20. f4 f6 21.
Nf1 b4 22. Ne3 Ba6 23. Bf1 Ne7 24. Kh2 Rd7 25. c4 Nc6 26. Bh3 Rf7 27. Rf1 Nd4
28. Rf2 Bc8 29. Bxc8 Rxc8 30. Rbf1 Rc6 31. Ng4 h5 32. Ne3 1/2-1/2

[Event "Mundial Juvenil 2005 s12"]
[Site "Belfort FRA"]
[Date "2005.07.29"]
[Round "10.16"]
[White "Atabayev, Maksat"]
[Black "Salem, A.r. Saleh"]
[Result "1/2-1/2"]
[WhiteElo "1599"]
[BlackElo "2044"]
[PlyCount "76"]
[EventDate "2005.07.19"]
[EventType "swiss"]
[EventRounds "11"]
[EventCountry "FRA"]
[Source "lmi"]
[SourceDate "2005.07.31"]

1. d4 d5 2. c4 e6 3. Nc3 Nf6 4. cxd5 exd5 5. Bg5 Be7 6. e3 O-O 7. Bd3 b6 8.
Bxf6 Bxf6 9. Qh5 g6 10. Qxd5 c6 11. Qxd8 Rxd8 12. Nge2 Na6 13. O-O Bb7 14. Be4
Rac8 15. a3 Bg7 16. Rfd1 Kf8 17. Rac1 Rd7 18. b4 b5 19. Nb1 Ke7 20. Nd2 Rd6 21.
Nb3 Nb8 22. Na5 Ba8 23. h3 Rcd8 24. Bf3 Kd7 25. Nc3 Na6 26. Ne4 Re6 27. Ng5 Rf6
28. Nxh7 Rxf3 29. gxf3 f6 30. Nxf6+ Bxf6 31. e4 Nb8 32. Kg2 Ke7 33. e5 Bg5 34.
Rc3 Bf4 35. Kf1 Rh8 36. Kg2 Rd8 37. Kf1 Rh8 38. Kg2 Rd8 1/2-1/2

[Event "Mundial Juvenil 2005 s12"]
[Site "Belfort FRA"]
[Date "2005.07.29"]
[Round "10.17"]
[White "Matuszewski, Michal"]
[Black "Firat, Burak"]
[Result "1/2-1/2"]
[WhiteElo "1999"]
[BlackElo "1599"]
[PlyCount "138"]
[EventDate "2005.07.19"]
[EventType "swiss"]
[EventRounds "11"]
[EventCountry "FRA"]
[Source "lmi"]
[SourceDate "2005.07.31"]

1. d4 Nf6 2. Nf3 e6 3. Bg5 d5 4. Nbd2 Nbd7 5. e3 Be7 6. Bd3 c5 7. c3 O-O 8. O-O
h6 9. Bh4 a6 10. a4 b6 11. Ne5 Nxe5 12. dxe5 Nd7 13. Bxe7 Qxe7 14. f4 Rd8 15.
Qh5 d4 16. Be4 Rb8 17. exd4 cxd4 18. Rf3 dxc3 19. bxc3 Nc5 20. Rg3 Kh8 21. Qg4
f5 22. exf6 Qxf6 23. Ra2 Rxd2 24. Rxd2 Nxe4 25. Rd8+ Kh7 26. Rgd3 b5 27. axb5
axb5 28. Qe2 Nc5 29. R3d4 Ra8 30. h3 Bb7 31. R8d6 Ra1+ 32. Kh2 Qg6 33. Rd1 Rxd1
34. Rxd1 Bd5 35. g4 Qf6 36. Qe3 Ne4 37. Rd4 Qg6 38. f5 Qg5 39. Rxe4 Bxe4 40.
Qxe4 exf5 41. Qxf5+ Qxf5 42. gxf5 g6 43. fxg6+ Kxg6 44. Kg3 Kg5 45. Kf3 Kf5 46.
Ke3 Ke5 47. Kf3 Kd5 48. Ke3 Ke5 49. Kf3 Kf5 50. Ke3 Ke5 51. Kf3 h5 52. Ke3 h4
53. Kf3 Kd5 54. Ke3 Kc4 55. Kd2 Kb3 56. Kd3 Ka3 57. Kc2 Ka2 58. Kd2 Kb2 59. Kd3
Kc1 60. Ke3 Kc2 61. Kd4 Kd2 62. Kc5 Kxc3 63. Kxb5 Kd3 64. Kc5 Ke3 65. Kd5 Kf3
66. Ke5 Kg3 67. Ke4 Kxh3 68. Kf3 Kh2 69. Kf2 h3 1/2-1/2

[Event "Mundial Juvenil 2005 s12"]
[Site "Belfort FRA"]
[Date "2005.07.29"]
[Round "10.18"]
[White "Chan, Yi-Ren Daniel"]
[Black "Dilanian, Grigor"]
[Result "1-0"]
[WhiteElo "1988"]
[BlackElo "1599"]
[PlyCount "71"]
[EventDate "2005.07.19"]
[EventType "swiss"]
[EventRounds "11"]
[EventCountry "FRA"]
[Source "lmi"]
[SourceDate "2005.07.31"]

1. e4 c5 2. Nf3 d6 3. d4 cxd4 4. Nxd4 Nf6 5. Nc3 a6 6. Bc4 e6 7. Bb3 Be7 8. g4
h6 9. Be3 b5 10. a3 Qa5 11. f3 Bd7 12. Qd2 Nc6 13. h4 Ne5 14. O-O-O Nc4 15.
Bxc4 bxc4 16. g5 Nh5 17. Nce2 Qa4 18. Rdg1 g6 19. f4 Rb8 20. Qc3 Rf8 21. Ng3
Nxg3 22. Rxg3 d5 23. Re1 hxg5 24. hxg5 dxe4 25. Bf2 a5 26. Rxe4 Rh8 27. Rg1 Rh5
28. Re2 Rh2 29. f5 Rh5 30. fxe6 fxe6 31. Nxe6 Bxe6 32. Rxe6 Qd7 33. Rge1 Rxg5
34. Qh8+ Kf7 35. Rxe7+ Qxe7 36. Qh7+ 1-0

[Event "Mundial Juvenil 2005 s12"]
[Site "Belfort FRA"]
[Date "2005.07.29"]
[Round "10.19"]
[White "Kociscak, Jiri"]
[Black "Guevara-Perez, Jorge-Alejandro"]
[Result "0-1"]
[WhiteElo "2052"]
[BlackElo "1599"]
[PlyCount "74"]
[EventDate "2005.07.19"]
[EventType "swiss"]
[EventRounds "11"]
[EventCountry "FRA"]
[Source "lmi"]
[SourceDate "2005.07.31"]

1. d4 d5 2. c4 e6 3. Nc3 Nf6 4. cxd5 exd5 5. Bg5 Nbd7 6. e3 c6 7. Bd3 Qa5 8.
Nf3 Bb4 9. Qc2 h6 10. Bh4 O-O 11. O-O Re8 12. a3 Bxc3 13. bxc3 Ne4 14. c4 Ndf6
15. cxd5 Qxd5 16. Ne5 Be6 17. Rab1 Rab8 18. f3 Nd6 19. Bf2 Nd7 20. Qc3 Nxe5 21.
e4 Nxf3+ 22. gxf3 Qg5+ 23. Bg3 Qe3+ 24. Rf2 Nb5 25. Rxb5 cxb5 26. Bxb8 Rxb8 27.
d5 Bh3 28. Qd2 Qc5 29. Qb2 a6 30. Bf1 Bxf1 31. Kxf1 Qc4+ 32. Kg1 Kf8 33. Kg2
Rc8 34. Qd2 Qc5 35. d6 Rd8 36. Qc2 Qc6 37. Qxc6 bxc6 0-1

[Event "Mundial Juvenil 2005 s12"]
[Site "Belfort FRA"]
[Date "2005.07.29"]
[Round "10.20"]
[White "Belous, Vladimir"]
[Black "Aghasaryan, Robert"]
[Result "1/2-1/2"]
[WhiteElo "2218"]
[BlackElo "1599"]
[PlyCount "156"]
[EventDate "2005.07.19"]
[EventType "swiss"]
[EventRounds "11"]
[EventCountry "FRA"]
[Source "lmi"]
[SourceDate "2005.07.31"]

1. c4 e6 2. Nf3 d5 3. b3 d4 4. Bb2 c5 5. g3 Nc6 6. Bg2 e5 7. O-O f6 8. Na3 Be6
9. d3 Nge7 10. Nc2 Ng6 11. a3 Qd7 12. Re1 Be7 13. e3 Bh3 14. Bh1 O-O 15. exd4
cxd4 16. b4 a5 17. Qd2 Rfb8 18. Rec1 a4 19. c5 Be6 20. Re1 Bd5 21. Qe2 Re8 22.
Nd2 Bxh1 23. Kxh1 Bd8 24. Nc4 Bc7 25. Bc1 Qd5+ 26. Qe4 Qxe4+ 27. dxe4 Na7 28.
b5 d3 29. b6 dxc2 30. bxc7 Re7 31. Nb6 Rae8 32. Nd5 Rd7 33. Ra2 Ne7 34. Rxc2
Nxd5 35. exd5 Rxd5 36. Rb2 Nc6 37. Rxb7 Rc8 38. Kg2 Rd7 39. Re4 Nd4 40. f4
Rdxc7 41. Rxc7 Rxc7 42. fxe5 Rxc5 43. Be3 fxe5 44. Bxd4 exd4 45. Rxd4 Ra5 46.
Kf3 Kf7 47. Ke4 Rh5 48. h4 Ra5 49. g4 Ke6 50. Rb4 h5 51. Rb6+ Kf7 52. g5 Rc5
53. Rb4 Ra5 54. Rb7+ Kg6 55. Rd7 Rb5 56. Ra7 Rb3 57. Rxa4 Rg3 58. Ke5 Re3+ 59.
Kf4 Rh3 60. Ra6+ Kh7 61. Kf5 Rf3+ 62. Ke4 Rh3 63. Ra8 Rxh4+ 64. Kf5 g6+ 65. Ke5
Rc4 66. Ra6 Rc5+ 67. Ke6 Rxg5 68. Ra7+ Kh6 69. a4 Rg3 70. a5 Ra3 71. a6 Kg5 72.
Ke5 Ra4 73. Ra8 h4 74. a7 h3 75. Rh8 Rxa7 76. Rxh3 Re7+ 77. Kd4 Kg4 78. Rh1 g5
1/2-1/2

[Event "Mundial Juvenil 2005 s12"]
[Site "Belfort FRA"]
[Date "2005.07.30"]
[Round "11.3"]
[White "Ter Sahakyan, Samvel"]
[Black "Sethuraman, S.p"]
[Result "1-0"]
[WhiteElo "2140"]
[BlackElo "2203"]
[PlyCount "82"]
[EventDate "2005.07.19"]
[EventType "swiss"]
[EventRounds "11"]
[EventCountry "FRA"]
[Source "lmi"]
[SourceDate "2005.07.31"]

1. e4 e5 2. Nf3 Nc6 3. Bc4 Nf6 4. d3 Be7 5. c3 O-O 6. Bb3 d5 7. Qe2 Bg4 8. O-O
Re8 9. Re1 h6 10. Nbd2 dxe4 11. dxe4 Nh5 12. Qb5 Rb8 13. h3 Bxf3 14. Nxf3 Bd6
15. Be3 Qf6 16. Qe2 Nf4 17. Bxf4 exf4 18. Ba4 Be5 19. Rad1 a6 20. Bxc6 Qxc6 21.
Rd5 Qf6 22. Red1 Re6 23. a4 Rbe8 24. Qd3 Bd6 25. Re1 Be5 26. Re2 R6e7 27. Rd2
Bd6 28. Rd4 Re6 29. Re2 Qe7 30. Qc4 Be5 31. Rd5 c6 32. Rd1 Bc7 33. Rde1 Qf6 34.
a5 Be5 35. Qb4 R6e7 36. Rd1 h5 37. h4 Bb8 38. Rde1 Bd6 39. Qc4 Be5 40. Rd1 Qg6
41. Ng5 Bf6 1-0

[Event "Mundial Juvenil 2005 s12"]
[Site "Belfort FRA"]
[Date "2005.07.30"]
[Round "11.4"]
[White "Iermito, Sebastian"]
[Black "Hou, Yifan"]
[Result "1/2-1/2"]
[WhiteElo "2134"]
[BlackElo "2158"]
[PlyCount "60"]
[EventDate "2005.07.19"]
[EventType "swiss"]
[EventRounds "11"]
[EventCountry "FRA"]
[Source "lmi"]
[SourceDate "2005.07.31"]

1. d4 Nf6 2. c4 e6 3. Nf3 Bb4+ 4. Bd2 c5 5. Bxb4 cxb4 6. g3 O-O 7. Bg2 d6 8.
O-O Nc6 9. Qc2 e5 10. e3 exd4 11. Nxd4 Nxd4 12. exd4 d5 13. c5 Bg4 14. a3 bxa3
15. Rxa3 Qd7 16. Nc3 a6 17. Qa4 Qe6 18. Qb3 Rfd8 19. Raa1 Qc6 20. Rfe1 Be6 21.
Qa4 b5 22. Qa5 h6 23. Na2 Qc8 24. Nb4 Rd7 25. Ra3 Rda7 26. Re5 Qd7 27. Rc3 Bh3
28. Bxh3 Qxh3 29. f3 Nd7 30. Re1 Nf6 1/2-1/2

[Event "Mundial Juvenil 2005 s12"]
[Site "Belfort FRA"]
[Date "2005.07.30"]
[Round "11.5"]
[White "Strzemiecki, Zbigniew"]
[Black "Rajesh, V A V."]
[Result "1-0"]
[WhiteElo "2195"]
[BlackElo "2157"]
[PlyCount "65"]
[EventDate "2005.07.19"]
[EventType "swiss"]
[EventRounds "11"]
[EventCountry "FRA"]
[Source "lmi"]
[SourceDate "2005.07.31"]

1. e4 e6 2. d4 g6 3. Nc3 Bg7 4. Be3 Ne7 5. Qd2 h5 6. O-O-O d5 7. f3 Nd7 8. Kb1
Nf6 9. Bg5 c6 10. h4 b5 11. Qf4 Nd7 12. Bxe7 Qxe7 13. exd5 b4 14. Ne4 cxd5 15.
Nd6+ Kf8 16. Nxc8 Rxc8 17. Ba6 Rc6 18. Bb5 Rb6 19. Bd3 e5 20. dxe5 Bxe5 21. Qc1
Nc5 22. f4 Bf6 23. Re1 Qc7 24. Nf3 Kg7 25. Ne5 Re8 26. g4 Bxe5 27. fxe5 Rxe5
28. gxh5 Nxd3 29. cxd3 Qxc1+ 30. Rxc1 Rxh5 31. Rc7 Rf6 32. Rxa7 Rhf5 33. Rd7
1-0

[Event "Mundial Juvenil 2005 s12"]
[Site "Belfort FRA"]
[Date "2005.07.30"]
[Round "11.6"]
[White "Arribas Lopez, Angel"]
[Black "Negi, Parimarjan"]
[Result "0-1"]
[WhiteElo "2140"]
[BlackElo "2376"]
[PlyCount "71"]
[EventDate "2005.07.19"]
[EventType "swiss"]
[EventRounds "11"]
[EventCountry "FRA"]
[Source "lmi"]
[SourceDate "2005.07.31"]

1. e4 c5 2. Nf3 d6 3. d4 cxd4 4. Nxd4 Nf6 5. Nc3 a6 6. Be2 e5 7. Nb3 Be7 8. Be3
O-O 9. O-O Be6 10. Nd5 Nxd5 11. exd5 Bf5 12. a4 Bg5 13. Bxg5 Qxg5 14. Na5 Qe7
15. Nc4 Nd7 16. Ra3 Rac8 17. Rg3 Be4 18. Bd3 f5 19. f4 Bxd3 20. Qxd3 Nc5 21.
Qe2 Nxa4 22. fxe5 dxe5 23. d6 Qe6 24. Qxe5 Qxe5 25. Nxe5 Rxc2 26. Re1 Nc5 27.
b4 Ne4 28. Rd3 Rd8 29. d7 a5 30. Ra1 axb4 31. h4 Kf8 32. Rb1 Rc6 33. Nf3 Rb6
34. Rbd1 Ke7 35. Kf1 b3 36. Nd4 0-1

[Event "Mundial Juvenil 2005 s12"]
[Site "Belfort FRA"]
[Date "2005.07.30"]
[Round "11.7"]
[White "Javakhadze, Zurab"]
[Black "Zhao, Parker"]
[Result "0-1"]
[WhiteElo "2135"]
[BlackElo "2029"]
[PlyCount "94"]
[EventDate "2005.07.19"]
[EventType "swiss"]
[EventRounds "11"]
[EventCountry "FRA"]
[Source "lmi"]
[SourceDate "2005.07.31"]

1. e4 c5 2. Nf3 e6 3. d3 d5 4. Nbd2 Nc6 5. g3 Nf6 6. Bg2 g6 7. O-O Bg7 8. Re1
O-O 9. Qe2 b6 10. Nf1 e5 11. exd5 Nxd5 12. Ne3 Be6 13. c3 f6 14. Nxd5 Bxd5 15.
Be3 Qd7 16. Qc2 Ne7 17. Rad1 Rad8 18. Bc1 Nf5 19. b3 Rfe8 20. Bb2 Qb7 21. Qe2
a5 22. Rf1 Re7 23. Ne1 Red7 24. Bxd5+ Rxd5 25. Bc1 b5 26. f4 c4 27. fxe5 fxe5
28. Bg5 R8d7 29. Rd2 Qb6+ 30. Kh1 Qd6 31. Rf3 h6 32. g4 hxg5 33. gxf5 g4 34.
Rf1 cxd3 35. Qxg4 Qf6 36. Rf3 e4 37. Qxe4 Re5 38. Qg4 Rxe1+ 39. Kg2 Qxc3 40.
Rff2 Qc6+ 41. Kh3 Re3+ 42. Qg3 Rxg3+ 43. Kxg3 Be5+ 44. Kh3 Rh7+ 45. Kg4 Qe4+
46. Kg5 Rh5+ 47. Kxg6 Qg4# 0-1

[Event "Mundial Juvenil 2005 s12"]
[Site "Belfort FRA"]
[Date "2005.07.30"]
[Round "11.8"]
[White "Nyzhnyk, Illya"]
[Black "Popilski, Gil"]
[Result "0-1"]
[WhiteElo "2131"]
[BlackElo "2120"]
[PlyCount "82"]
[EventDate "2005.07.19"]
[EventType "swiss"]
[EventRounds "11"]
[EventCountry "FRA"]
[Source "lmi"]
[SourceDate "2005.07.31"]

1. e4 c5 2. Nc3 d6 3. d3 Nc6 4. Be3 g6 5. d4 cxd4 6. Bxd4 Nxd4 7. Qxd4 Nf6 8.
e5 dxe5 9. Bb5+ Bd7 10. Qxe5 Bc6 11. Bxc6+ bxc6 12. Nge2 Bg7 13. O-O O-O 14.
Qc5 Qd6 15. Na4 Rab8 16. Rab1 Ne4 17. Qxd6 exd6 18. Rfd1 Rfe8 19. f3 Nc5 20.
Nac3 d5 21. Kf2 f5 22. b4 Ne6 23. Na4 Bf8 24. c3 Rb5 25. Nb2 Bg7 26. a3 Rb7 27.
Rd2 a5 28. Nd3 axb4 29. axb4 Ra8 30. Rc1 Rba7 31. c4 Nd4 32. Nxd4 Bxd4+ 33. Ke2
Re7+ 34. Kf1 Be5 35. Rb2 d4 36. Rd1 Rea7 37. b5 cxb5 38. cxb5 Rb7 39. Rdb1 Ra3
40. Nc5 Rb8 41. b6 Rc3 0-1